LEADER 01203nam a2200265 u 4500 001 000000038257 003 CaOOAMICUS 005 20070226113845.0 008 980422s1977 it u000 u ita u 035 $a10791534 040 $aPUL(R)$bita 100 1 $aItalia, Vittorio.$0(OLS)http://pul/name/10090 245 13$aLa deroga nel diritto pubblico /$cVittorio Italia. 260 $aMilano :$bGiuffrè,$c1977. 300 $a257 p. : ;$c24 cm 490 1 $aUniversità degli studi di Milano. Facoltà di Giurisprudenza. Pubblicazioni dell'Istituto di diritto pubblico ;$v11 504 $aBibliografia in nota. 650 4$aDiritto pubblico$zItalia.$0(OLS)http://pul/subject/5771 830 0$aPubblicazioni dell'Istituto di diritto pubblico (Università degli studi di Milano. Facoltà di giurisprudenza) ;$v11.$0(OLS)http://pul/title/51995 850 $aPUL 852 $aPUL$W1$xSL Diritto e Scienze Sociali 1$y4$m175 E 60$j52160$nBK-PRI$qStampati$B52160$CPULBib$Z2$F52160 $H50611 $82 941 1 $a8 961 $aINV: 50611 996 $6245$aLa deroga nel diritto pubblico$9(OLS)http://pul/title/51994 996 $6260$aMilano :$bGiuffrè$9(OLS)http://pul/publisher/48401 LEADER 02076nam a2200313 i 4500 001 000000109035 003 CaOOAMICUS 005 20080114124704.0 008 080114s1925 fr u000 u lat c 040 $aALF$bita$dPUL$dLDB 041 0 $alat$afre$hlat 110 2 $aPapi (1878-1903 : Leo PP. XIII).$0(OLS)http://pul/name/1187 245 10$aActes de Léon XIII :$bencycliques , motu proprio, brefs, allocutions, actes de dicastéres, etc. 260 $aParis :$bBonne Presse,$c[impr.1925-1933] 300 $a7 v. ;$c21 cm. 500 $aSul front. :Texte latin avec traduction francaise en regard. 850 $aPUL 852 $aPUL$W1$xDP2 Diritto e Scienze Sociali 1$y65$m225 A 2$j124432$av. 2$qStampati$B123259$CPULBib$Z2$F123259 $H6359 $82 852 $aPUL$W1$xDP2 Diritto e Scienze Sociali 1$y65$m225 A 3$j124433$av. 3$qStampati$B123260$CPULBib$Z2$F123260 $H6360 $82 852 $aPUL$W1$xDP2 Diritto e Scienze Sociali 1$y65$m225 A 4$j124434$av. 4$qStampati$B123261$CPULBib$Z2$F123261 $H6361 $82 852 $aPUL$W1$xDP2 Diritto e Scienze Sociali 1$y65$m225 A 5$j124435$av. 5$qStampati$B123262$CPULBib$Z2$F123262 $H6362 $82 852 $aPUL$W1$xDP2 Diritto e Scienze Sociali 1$y65$m225 A 6$j124436$av. 6$qStampati$B123263$CPULBib$Z2$F123263 $H6363 $82 852 $aPUL$W1$xDP2 Diritto e Scienze Sociali 1$y65$m225 A 7$j124437$av. 7$qStampati$B123264$CPULBib$Z2$F123264 $H6364 $82 852 $aPUL$W1$xDP2 Diritto e Scienze Sociali 1$y65$m225 A 1$j124431$av. 1$qStampati$B123258$CPULBib$Z2$F123258 $H6358 $82 900 $aLeo PP.$bXIII,$d1810-1903$91187 900 $aLeo PP.$bXIII,$d1810-1903$91187 941 1 $a8 996 $6245$aActes de Léon XIII :$bencycliques , motu proprio, brefs, allocutions, actes de dicastéres, etc.$9(OLS)http://pul/title/137196 996 $6260$aParis :$bBonne Presse$9(OLS)http://pul/publisher/51993